Vybrané problémy decentralizácie verejnej správy v SR

Decentralizácia verejnej správa SR, princípy. Vybrané aspekty stavu a ďalšieho procesu decentralizácie verejnej správy. Nový organizačný prvok - spoločné obecné úrady. Korupcia ako vážna hrozba decentralizácie verejnej správy. Proces decentralizácie verejnej správy nie je ukončený.

Salvato in:
Dettagli Bibliografici
Autore principale: Žárska, Elena, 1955-
Natura: Capitolo di libro
Lingua:slovacco
Soggetti:
Tags: Aggiungi Tag
Nessun Tag, puoi essere il primo ad aggiungerne!!

MARC

LEADER 00000naa$a2200000$$$4500
001 0067353
005 20240502071816.7
041 0 |a slo 
044 |a SK 
245 1 0 |a Vybrané problémy decentralizácie verejnej správy v SR  |c Elena Žárska 
520 |a Decentralizácia verejnej správa SR, princípy. Vybrané aspekty stavu a ďalšieho procesu decentralizácie verejnej správy. Nový organizačný prvok - spoločné obecné úrady. Korupcia ako vážna hrozba decentralizácie verejnej správy. Proces decentralizácie verejnej správy nie je ukončený. 
610 2 0 |a správa verejná 
610 2 0 |a decentralizácia 
610 2 0 |a Slovensko 
610 2 0 |a korupcia 
100 1 |a Žárska, Elena, 1955-